=LDR 00000nam 2200000 4500 =001 INLIS000000000012173 =005 20130612103719 =008 ***********************************Ind** =035 ##$$0010-061300000012173 =041 ##$$a Ind =082 ##$$a 591.1 =090 ##$$a 591.1, Pen p =245 ##$$a Pencernaan microba pada Ruminansia, S.P. Arora : Terjemahan, Retno Murwan =260 ##$$a 1989 $b Yogyakarta =300 ##$$a 114 hlm., 21 cm =650 ##$$a Microba =650 ##$$a Ruminansia =700 ##$$a Murwani, Retno =850 ##$$a NBPNMAT